000
00172nam a22000857a 4500
082
_a
823
100
_a
ANN BRAYBOOKS
245
_a
THE LION KING - WAY TO GO, SIMHAL
942
_c
BK
999
_c
8096
_d
8096